00829nam a22001697a 4500003000900000008004100009040007100050082002200121100003500143245005200178260003800230300002800268505030000296650002100596650002300617650001900640AR-CdUCM190305b ||||| |||| 00| 0 spa d aMUNICIPALIDAD PROVINCIAL DEL CUSCOcBIBLIOTECA MUNICIPAL DEL CUSCO aC / 985.61 /bC74 aValverde y, Vasco de Contreras aRelacion de la Ciudad del Cusco:b1649 - 1982 / aCusco :bImprenta Amauta ,c1983. a194 páginas ;c21 cm. aContenido: Descripcion de la Ciudad del Cuzco -- Hierbas Medicinales -- Piedras Medicinales y Pajaros -- Rios, Fuentes, Salinas de esta ciudad -- Primera Fundacion de la ciudad del Cusco -- Capitulo en que se da razón de haber hallado cruces. Los primeros españoles en la cuidad del Cusco... aCiudad del Cusco aHistoria del Cusco aCusco Colonial